| 000 | 00900nam a2200289 a 4500 | ||
|---|---|---|---|
| 001 | C01164005c-9 | ||
| 003 | CO-ViMGA | ||
| 005 | 20230915234538.0 | ||
| 008 | 080915s2007 sp gr 0001f spa d | ||
| 020 | _a9788498380798 | ||
| 040 |
_aCO-ViMGA _bspa _cCO-ViMGA |
||
| 043 | _ae-ie--- | ||
| 045 | _ax3x4 | ||
| 082 | 0 | 4 |
_a891.623 _bB69n |
| 100 | 1 |
_aBoyne, John, _d1971- _95146 |
|
| 245 | 1 | 3 |
_aEl niño con el pijama de rayas / _cby John Boyne ; traducción del inglés de Gemma Rovira Ortega. |
| 250 | _a10a. ed. | ||
| 260 | 3 |
_aBarcelona : _bSalamandra, _c2007. |
|
| 300 |
_a219 p. ; _c22 cm. |
||
| 534 |
_pTítulo original : _tThe boy in the striped pyjamas. |
||
| 650 | 1 | 4 |
_aAmistad _v Novela. _92648 |
| 650 | 1 | 4 |
_aCercas _v Novela. _99529 |
| 650 | 1 | 4 |
_aFamilia _v Novela. _92234 |
| 650 | 6 |
_aNovela irlandesa. _92392 |
|
| 700 | 1 |
_aRovira Ortega, Gemma, _etr. _92388 |
|
| 942 |
_2ddc _cBK |
||
| 999 |
_c37959 _d37959 |
||